|
|
|
|
| LEADER |
00813nam a2200205 a 4500 |
| 001 |
GR-MES4672 |
| 008 |
991111s1980 gr 000 0 gre d |
| 040 |
|
|
|a GrPaTEI
|b gre
|c GR-PaULI
|
| 245 |
0 |
0 |
|a Μεταφυσική και λογικός θετικισμός.
|
| 260 |
|
|
|a Αθήνα :
|b Νέα σύνορα,
|c 1980
|
| 300 |
|
|
|a 71σελ.
|
| 490 |
0 |
|
|a φιλοσοφία-τέχνη-δοκίμιο
|
| 650 |
|
4 |
|a ΘΕΤΙΚΙΣΜΟΣ
|
| 650 |
|
4 |
|a ΜΕΤΑΦΥΣΙΚΗ
|
| 700 |
1 |
|
|a Πάνος, Σ.
|
| 710 |
0 |
|
|a Νέα σύνορα
|
| 942 |
|
|
|2 ddc
|
| 952 |
|
|
|0 0
|1 0
|2 ddc
|4 0
|6 146_400000000000000_ΠΑΝ
|7 0
|9 269306
|a MSLG
|b MSLG
|c BSC
|d 2021-01-17
|e 24
|f 0
|g 0.00
|l 0
|o 146.4 ΠΑΝ
|p 2420000011444
|r 2021-01-17 00:00:00
|t 1
|w 2021-01-17
|y BK15
|x 19991111 0 1
|x GrPaTEI
|
| 971 |
|
|
|a .b25757180
|b 16-04-20
|c 13-09-16
|
| 999 |
|
|
|c 155350
|d 155350
|